Statistiken für Schnellste Achterbahnen Europas - Karten Quiz

Klicken Sie hier um das Quiz zu spielen!

Allgemein

  • Dieses Quiz wurde 21 mal gespielt
    (19 seit der letzten Aktualisierung)
  • Das Durchschnittsergebnis liegt bei 7 aus 24

Antworten auf der Karte

Die Antworten werden auf der Karte rot bzw. grün angezeigt, abhängig davon wie oft sie richtig erraten wurden.
 

Antwortstatistiken

Antwort% Korrekt
Silver Star / Der Schwur des Kärnan
81%
Goliath
56%
Red Force
56%
Fønix
50%
iSpeed
50%
Kondaa
50%
Toutatis
50%
Hyperion
44%
Taiga
44%
Wildfire
44%
Stealth
38%
Cú Chulainn
31%
Cobra
25%
Storm - The Dragon Legend
25%
Boomerang
19%
Balatoni Hullámvasút
13%
Montanha Russa
13%
Roller Coaster
13%
Balaurul 7 Capete
6%
Big Blue
6%
Màgic Gliss
6%
Serpent Dragon / Velikolukskiy Myasokombinat
6%
Speedy Coaster
6%
Vic's Roller Coaster
6%

Verteilung der Resultate

Perzentil nach korrekt beantworteten Fragen

Anzahl Personen mit jedem Resultat

Ihre Resultats-Entwicklung

Sie haben dieses Quiz seit der letzten Aktualisierung nicht gespielt